000 00505nam a2200181Ia 4500
005 20250326130411.0
008 250326s9999 xx 000 0 und d
037 _aTextbook
040 _aFMSL
_beng
_cFMSL
041 _aeng
_2eng
084 _aB2893 K9
_qFMSL
100 _aMiller D W
245 0 _aExecutive decesions & operations research
_cMiller D W
260 _aNew Delhi
_bNew Delhi, Prentice-Hall
_c1969
300 _a607p
942 _cTB
_hB2893 K9
999 _c1282324
_d1282324